000 00624nam a2200241Ia 4500
003 OSt
005 20221005120135.0
006 a|||||r|||| 00| 0
007 ta
008 221004b |||||||| |||| 00| 0 eng d
024 _a59748
037 _cTextual
040 _aCRL
_cCRL
_beng
041 _2eng
_aeng
082 _aVz7, L3
110 _aUniversity of Delhi. Department of History
_9628585
245 0 _aDelhi essays in history
260 _c1973
650 _aHISTORY
700 _aUniversity of Delhi. Department of History
_9628586
942 _hVz7, L3
_cTEXL
_2cc
999 _c1036966
_d1036966